[Event "Eliminacje Miedzywojewodzkie MA-WM D13"]
[Site "Brok"]
[Date "2022.09.12"]
[Round "4.2"]
[White "Podoba, Hanna"]
[Black "Siekanska, Zofia"]
[Result "1-0"]
[BlackElo "1128"]
[WhiteElo "1067"]
[LiveChessVersion "1.4.8"]

1. e4 {[%clk 1:30:27]} e5 2. Bc4 {[%clk 1:30:32]} Bc5 {[%clk 1:31:16]} 3. b3
{[%clk 1:30:29]} Nf6 {[%clk 1:30:58]} 4. Nf3 {[%clk 1:30:10]} d6 {[%clk 1:30:41]}
5. Qe2 {[%clk 1:25:53]} O-O {[%clk 1:29:28]} 6. Bb2 {[%clk 1:26:00]} Nc6
{[%clk 1:28:02]} 7. c3 {[%clk 1:23:55]} Bg4 {[%clk 1:25:37]} 8. O-O
{[%clk 1:18:48]} Re8 {[%clk 1:23:34]} 9. h3 {[%clk 1:15:10]} Bh5 {[%clk 1:23:40]}
10. Qd3 {[%clk 1:14:59]} Bg6 {[%clk 1:21:37]} 11. Bd5 {[%clk 1:11:29]} Rb8
{[%clk 1:19:51]} 12. Nh4 {[%clk 1:01:59]} Ne7 {[%clk 1:17:39]} 13. Nxg6
{[%clk 1:00:46]} Nxg6 {[%clk 1:15:38]} 14. b4 {[%clk 0:58:42]} Bb6
{[%clk 1:14:04]} 15. Qc4 {[%clk 0:58:20]} Nxd5 {[%clk 1:13:24]} 16. Qxd5
{[%clk 0:55:44]} c6 {[%clk 1:11:31]} 17. Qd3 {[%clk 0:54:59]} Nf4 18. Qf3
{[%clk 0:48:03]} d5 {[%clk 1:07:23]} 19. c4 {[%clk 0:48:03]} d4 {[%clk 1:07:23]}
20. Na3 {[%clk 0:44:12]} Bc7 {[%clk 1:01:16]} 21. Rfe1 {[%clk 0:42:46]} b6 22. b5
{[%clk 0:42:54]} cxb5 {[%clk 0:59:57]} 23. Nxb5 {[%clk 0:42:54]} a6
{[%clk 0:59:34]} 24. Nxc7 {[%clk 0:42:06]} Qxc7 {[%clk 0:59:41]} 25. Rec1
{[%clk 0:40:53]} Qc5 {[%clk 0:58:57]} 26. d3 {[%clk 0:40:20]} b5 {[%clk 0:57:43]}
27. Qd1 {[%clk 0:38:02]} bxc4 {[%clk 0:52:36]} 28. Rxc4 {[%clk 0:35:35]} Qd6
{[%clk 0:52:05]} 29. Bc1 {[%clk 0:35:01]} Qf6 {[%clk 0:48:29]} 30. Bxf4
{[%clk 0:29:41]} Qxf4 {[%clk 0:48:48]} 31. Rb1 {[%clk 0:30:00]} Qf6
{[%clk 0:46:40]} 32. Rxb8 {[%clk 0:29:32]} Rxb8 {[%clk 0:46:48]} 33. Qc2
{[%clk 0:29:40]} Qd8 {[%clk 0:43:27]} 34. Rc5 {[%clk 0:26:44]} Qe8
{[%clk 0:41:43]} 35. Qc4 {[%clk 0:25:36]} g6 {[%clk 0:40:23]} 36. Qxa6
{[%clk 0:23:44]} f5 {[%clk 0:38:57]} 37. Rc7 {[%clk 0:20:29]} Qf8
{[%clk 0:33:57]} 38. Qe6+ {[%clk 0:19:55]} Kh8 {[%clk 0:33:01]} 39. Qxe5+
{[%clk 0:20:14]} Kg8 {[%clk 0:32:52]} 40. Qd5+ {[%clk 0:18:35]} Kh8
{[%clk 0:32:52]} 41. Qxd4+ {[%clk 0:18:58]} Kg8 {[%clk 0:33:07]} 42. Qd5+
{[%clk 0:18:34]} Kh8 {[%clk 0:33:01]} 43. Qe5+ {[%clk 0:18:55]} Kg8
{[%clk 0:33:15]} 44. Rg7+ {[%clk 0:19:03]} Qxg7 {[%clk 0:33:26]} 45. Qxb8+ Kf7
{[%clk 0:32:46]} 46. Qc7+ {[%clk 0:19:54]} Kf8 {[%clk 0:32:50]} 47. Qxg7+
{[%clk 0:20:18]} 1-0

[Event "Eliminacje Miedzywojewodzkie MA-WM D13"]
[Site "Brok"]
[Date "2022.09.12"]
[Round "4.3"]
[White "Stankiewicz, Zofia"]
[Black "Dzierzgowska, Jagoda"]
[Result "0-1"]
[BlackElo "1236"]
[WhiteElo "1108"]
[LiveChessVersion "1.4.8"]

1. e4 {[%clk 1:30:59]} c6 {[%clk 1:30:22]} 2. d4 {[%clk 1:31:22]} d5
{[%clk 1:30:49]} 3. Nc3 {[%clk 1:31:43]} dxe4 {[%clk 1:30:44]} 4. Nxe4
{[%clk 1:32:10]} Bf5 {[%clk 1:30:59]} 5. Ng3 {[%clk 1:32:16]} Bg6
{[%clk 1:31:23]} 6. h4 {[%clk 1:32:26]} h6 {[%clk 1:31:42]} 7. h5
{[%clk 1:32:09]} Bh7 {[%clk 1:32:05]} 8. Bd3 {[%clk 1:32:00]} Bxd3
{[%clk 1:32:30]} 9. Qxd3 {[%clk 1:32:24]} e6 {[%clk 1:29:57]} 10. Nf3
{[%clk 1:32:12]} Bd6 {[%clk 1:26:14]} 11. Ne4 {[%clk 1:30:37]} Bc7
{[%clk 1:20:40]} 12. Bd2 {[%clk 1:28:37]} Nd7 {[%clk 1:17:22]} 13. Qc3
{[%clk 1:27:40]} Qe7 {[%clk 1:07:14]} 14. O-O-O {[%clk 1:26:50]} Ngf6
{[%clk 1:06:19]} 15. Nxf6+ {[%clk 1:26:34]} Nxf6 {[%clk 1:05:57]} 16. Qb3
{[%clk 1:21:32]} Bd6 {[%clk 1:04:15]} 17. Ne5 {[%clk 1:17:51]} Nd5
{[%clk 0:57:51]} 18. Nc4 {[%clk 1:15:23]} Bf4 {[%clk 0:56:17]} 19. Bxf4
{[%clk 1:13:29]} Nxf4 {[%clk 0:56:42]} 20. Na5 {[%clk 1:12:32]} O-O-O
{[%clk 0:54:48]} 21. Kb1 {[%clk 1:10:54]} Qc7 {[%clk 0:53:21]} 22. Qb4
{[%clk 1:07:20]} Rd5 {[%clk 0:50:01]} 23. Nb3 {[%clk 1:02:23]} Nxh5
{[%clk 0:42:02]} 24. g3 {[%clk 1:01:44]} Nf6 {[%clk 0:41:53]} 25. Rd3
{[%clk 0:59:23]} Qb6 {[%clk 0:26:07]} 26. Qd2 {[%clk 0:56:46]} Qc7
{[%clk 0:23:21]} 27. Qe2 {[%clk 0:51:46]} Re8 {[%clk 0:20:21]} 28. f4
{[%clk 0:51:37]} Kb8 {[%clk 0:19:07]} 29. Nd2 {[%clk 0:49:44]} Ka8
{[%clk 0:14:00]} 30. Nc4 {[%clk 0:48:42]} Red8 {[%clk 0:10:19]} 31. Rhd1
{[%clk 0:47:34]} R5d7 {[%clk 0:06:06]} 32. Ne5 {[%clk 0:46:53]} Re7
{[%clk 0:06:12]} 33. a3 {[%clk 0:42:02]} Qb6 {[%clk 0:04:30]} 34. Rb3
{[%clk 0:41:42]} Qc7 {[%clk 0:04:33]} 35. Qf3 {[%clk 0:40:52]} Nd5
{[%clk 0:03:25]} 36. Qg4 {[%clk 0:35:33]} g6 {[%clk 0:02:21]} 37. Qf3
{[%clk 0:33:32]} h5 {[%clk 0:01:59]} 38. c4 {[%clk 0:32:24]} Nb6 {[%clk 0:02:05]}
39. Qe4 {[%clk 0:30:53]} Nd7 {[%clk 0:02:01]} 40. Nd3 {[%clk 0:29:51]} Nf6
{[%clk 0:02:06]} 41. Qe3 {[%clk 0:27:19]} Nd7 {[%clk 0:02:18]} 42. Nb4
{[%clk 0:21:55]} Nb6 {[%clk 0:01:57]} 43. c5 {[%clk 0:20:27]} Nd5
{[%clk 0:02:16]} 44. Qd2 {[%clk 0:16:28]} Nxb4 {[%clk 0:02:38]} 45. Qxb4
{[%clk 0:16:43]} Red7 {[%clk 0:02:46]} 46. Qe1 {[%clk 0:16:18]} Rxd4
{[%clk 0:01:52]} 47. Rxd4 {[%clk 0:14:44]} Rxd4 {[%clk 0:02:16]} 48. Qc3
{[%clk 0:14:47]} Rd8 {[%clk 0:02:23]} 49. Qf6 {[%clk 0:14:31]} a6
{[%clk 0:02:35]} 50. Ka2 {[%clk 0:14:17]} Ka7 {[%clk 0:02:42]} 51. Qc3
{[%clk 0:13:56]} Rd5 {[%clk 0:02:19]} 52. Qb4 {[%clk 0:12:38]} Rd1
{[%clk 0:01:39]} 53. Qe4 {[%clk 0:12:16]} Rd5 {[%clk 0:01:41]} 54. Rc3
{[%clk 0:11:07]} Rf5 {[%clk 0:01:12]} 55. b4 {[%clk 0:09:40]} Rd5
{[%clk 0:01:32]} 56. a4 {[%clk 0:09:16]} Qd7 {[%clk 0:01:17]} 57. Qe3
{[%clk 0:09:03]} Rd2+ {[%clk 0:01:27]} 58. Ka3 {[%clk 0:09:05]} Qd5
{[%clk 0:01:32]} 59. Rb3 {[%clk 0:08:27]} Qd4 60. Qxd4 {[%clk 0:08:08]} Rxd4
{[%clk 0:02:20]} 61. Kb2 {[%clk 0:08:29]} Rd5 {[%clk 0:02:40]} 62. Kc3
{[%clk 0:08:06]} Kb8 {[%clk 0:02:54]} 63. Kc4 {[%clk 0:08:09]} Kc7
{[%clk 0:03:14]} 64. b5 {[%clk 0:07:55]} axb5+ {[%clk 0:03:21]} 65. axb5
{[%clk 0:08:21]} Rd1 {[%clk 0:02:58]} 66. b6+ {[%clk 0:08:13]} Kb8
{[%clk 0:03:07]} 67. Rd3 {[%clk 0:07:57]} Rxd3 {[%clk 0:03:26]} 68. Kxd3
{[%clk 0:08:25]} Kc8 {[%clk 0:03:56]} 69. Kd4 {[%clk 0:08:54]} f6
{[%clk 0:04:09]} 70. Ke4 {[%clk 0:08:50]} Kd7 {[%clk 0:04:29]} 71. Kd4
{[%clk 0:09:04]} Ke7 {[%clk 0:04:12]} 72. Ke4 {[%clk 0:09:32]} Kf7
{[%clk 0:04:21]} 73. Kd4 {[%clk 0:09:30]} Kg7 {[%clk 0:04:40]} 74. Ke4
{[%clk 0:09:30]} Kh6 {[%clk 0:04:45]} 75. Kd4 {[%clk 0:09:39]} g5
{[%clk 0:05:03]} 76. Ke4 {[%clk 0:09:31]} Kg6 {[%clk 0:05:18]} 77. fxg5
{[%clk 0:09:01]} Kxg5 {[%clk 0:05:41]} 78. Kf3 {[%clk 0:09:05]} Kf5
{[%clk 0:05:53]} 0-1

[Event "Eliminacje Miedzywojewodzkie MA-WM D13"]
[Site "Brok"]
[Date "2022.09.12"]
[Round "4.4"]
[White "Woytitzki, Sophie"]
[Black "Czarkowska, Dalia"]
[Result "0-1"]
[BlackElo "1196"]
[WhiteElo "1172"]
[LiveChessVersion "1.4.8"]

1. e4 {[%clk 1:30:58]} c6 {[%clk 1:30:57]} 2. d4 {[%clk 1:31:24]} d5
{[%clk 1:31:22]} 3. e5 {[%clk 1:31:46]} Bf5 {[%clk 1:31:46]} 4. h4
{[%clk 1:32:00]} h5 {[%clk 1:31:31]} 5. Bd3 {[%clk 1:31:54]} Bxd3
{[%clk 1:31:51]} 6. Qxd3 {[%clk 1:32:16]} e6 {[%clk 1:32:05]} 7. Nf3
{[%clk 1:32:04]} Qa5+ {[%clk 1:32:13]} 8. Bd2 {[%clk 1:32:02]} Qa6
{[%clk 1:32:25]} 9. Qe3 {[%clk 1:30:57]} Nh6 {[%clk 1:30:58]} 10. Ng5
{[%clk 1:29:37]} Nf5 {[%clk 1:30:50]} 11. Qf4 {[%clk 1:29:32]} Nd7
{[%clk 1:29:31]} 12. Nc3 {[%clk 1:29:30]} Qb6 {[%clk 1:27:56]} 13. O-O-O
{[%clk 1:25:42]} Qxd4 {[%clk 1:27:02]} 14. Rde1 {[%clk 1:18:44]} Qxf4
{[%clk 1:24:46]} 15. Bxf4 {[%clk 1:19:05]} b5 {[%clk 1:23:33]} 16. f3
{[%clk 1:17:20]} b4 {[%clk 1:18:46]} 17. Na4 {[%clk 1:17:33]} c5 {[%clk 1:15:17]}
18. g4 {[%clk 1:17:25]} Nd4 {[%clk 1:12:54]} 19. Be3 {[%clk 1:09:47]} Nc6
{[%clk 1:11:25]} 20. c3 {[%clk 1:08:32]} Ncxe5 {[%clk 1:10:48]} 21. Kc2
{[%clk 1:08:03]} hxg4 {[%clk 1:07:44]} 22. Bxc5 {[%clk 1:07:28]} Nxc5
{[%clk 1:03:58]} 23. Nxc5 {[%clk 1:07:42]} Bxc5 {[%clk 1:03:48]} 24. Rxe5
{[%clk 1:07:54]} gxf3 {[%clk 1:03:12]} 25. Nxf3 {[%clk 1:08:17]} bxc3
{[%clk 1:01:53]} 26. bxc3 {[%clk 1:08:40]} Kd7 {[%clk 1:01:38]} 27. c4
{[%clk 1:08:44]} Rac8 {[%clk 1:00:28]} 28. Rd1 {[%clk 1:08:40]} Bd6
{[%clk 1:00:21]} 29. Rg5 {[%clk 1:08:20]} Rxc4+ {[%clk 1:00:31]} 30. Kd3
{[%clk 1:08:25]} g6 {[%clk 1:00:02]} 31. Rb1 {[%clk 1:08:22]} Rhc8
{[%clk 0:59:24]} 32. Rb7+ {[%clk 1:07:50]} R8c7 {[%clk 0:58:44]} 33. Rxc7+
{[%clk 1:07:59]} Bxc7 {[%clk 0:58:33]} 34. Re5 {[%clk 1:08:04]} f6
{[%clk 0:55:07]} 35. Re1 {[%clk 1:08:08]} e5 {[%clk 0:52:53]} 36. Ke2
{[%clk 1:07:20]} Re4+ {[%clk 0:52:59]} 37. Kf1 {[%clk 1:07:29]} Rxe1+
{[%clk 0:53:19]} 38. Kxe1 {[%clk 1:07:54]} e4 {[%clk 0:53:16]} 39. Nd4
{[%clk 1:08:16]} Bb6 {[%clk 0:53:00]} 40. Nb3 {[%clk 1:08:28]} d4
{[%clk 0:52:56]} 41. a4 {[%clk 1:08:48]} a5 {[%clk 0:52:24]} 42. Kd2
{[%clk 1:09:03]} Kd6 {[%clk 0:52:32]} 43. Ke2 {[%clk 1:09:28]} f5
{[%clk 0:52:15]} 44. Kd2 {[%clk 1:09:44]} Kd5 {[%clk 0:52:18]} 45. Ke2
{[%clk 1:10:05]} f4 {[%clk 0:52:24]} 46. Kd2 {[%clk 1:10:30]} f3 {[%clk 0:52:32]}
47. Ke1 {[%clk 1:10:55]} e3 {[%clk 0:52:49]} 48. Kf1 {[%clk 1:10:48]} d3
{[%clk 0:52:58]} 49. Ke1 {[%clk 1:11:10]} f2+ {[%clk 0:53:03]} 50. Kf1
{[%clk 1:11:29]} e2+ {[%clk 0:53:13]} 51. Kg2 {[%clk 1:11:52]} f1=Q+
{[%clk 0:53:09]} 52. Kg3 {[%clk 1:11:55]} e1=B+ {[%clk 0:52:53]} 53. Kg4
{[%clk 1:12:11]} Qf5# {[%clk 0:52:58]} 0-1

[Event "Eliminacje Miedzywojewodzkie MA-WM D13"]
[Site "Brok"]
[Date "2022.09.12"]
[Round "5.1"]
[White "Czarkowska, Dalia"]
[Black "Stolarz, Anna"]
[Result "1-0"]
[BlackElo "1005"]
[WhiteElo "1196"]
[LiveChessVersion "1.4.8"]

1. d4 {[%clk 1:31:00]} e6 {[%clk 1:30:53]} 2. Nf3 {[%clk 1:31:23]} Nf6
{[%clk 1:30:55]} 3. g3 {[%clk 1:31:42]} d5 {[%clk 1:30:11]} 4. Bg2
{[%clk 1:32:00]} c5 {[%clk 1:29:42]} 5. O-O {[%clk 1:30:15]} Nc6 {[%clk 1:29:37]}
6. e3 {[%clk 1:27:57]} Bd6 {[%clk 1:27:21]} 7. c4 {[%clk 1:26:40]} cxd4
{[%clk 1:21:28]} 8. cxd5 {[%clk 1:26:10]} exd5 {[%clk 1:17:29]} 9. Nxd4
{[%clk 1:26:01]} Be5 {[%clk 1:15:06]} 10. Nc3 {[%clk 1:21:54]} Be6
{[%clk 1:11:56]} 11. b3 {[%clk 1:15:35]} Bxd4 {[%clk 1:09:55]} 12. exd4
{[%clk 1:15:47]} Rc8 {[%clk 1:04:30]} 13. Bb2 {[%clk 1:15:26]} O-O
{[%clk 1:03:35]} 14. Rc1 {[%clk 1:14:24]} Qd7 {[%clk 0:57:35]} 15. Qd2
{[%clk 1:10:04]} Bh3 {[%clk 0:45:49]} 16. Ne2 {[%clk 1:06:53]} Ne4
{[%clk 0:40:18]} 17. Bxh3 {[%clk 0:56:03]} Qxh3 {[%clk 0:40:36]} 18. Qd1
{[%clk 0:52:41]} Qd7 {[%clk 0:33:40]} 19. Nf4 {[%clk 0:52:04]} Ne7
{[%clk 0:30:07]} 20. Qe2 {[%clk 0:50:28]} Ng6 {[%clk 0:27:38]} 21. Nd3
{[%clk 0:45:28]} b6 {[%clk 0:26:09]} 22. f3 {[%clk 0:44:33]} Nf6 {[%clk 0:21:40]}
23. Qd2 {[%clk 0:41:22]} Rfe8 {[%clk 0:20:15]} 24. Ne5 {[%clk 0:40:24]} Qd6
{[%clk 0:16:30]} 25. Rxc8 {[%clk 0:32:45]} Rxc8 {[%clk 0:16:38]} 26. Rc1
{[%clk 0:32:47]} Re8 {[%clk 0:16:14]} 27. Kf2 {[%clk 0:30:26]} Qe6
{[%clk 0:11:48]} 28. g4 {[%clk 0:26:34]} Nxe5 {[%clk 0:11:17]} 29. dxe5
{[%clk 0:26:41]} Nd7 {[%clk 0:10:54]} 30. Qf4 {[%clk 0:25:35]} Nxe5
{[%clk 0:10:19]} 31. Bxe5 {[%clk 0:25:47]} f6 {[%clk 0:08:15]} 32. Bc3
{[%clk 0:22:56]} Qe2+ {[%clk 0:07:46]} 33. Kg3 {[%clk 0:22:55]} Qxa2
{[%clk 0:07:11]} 34. Qa4 {[%clk 0:21:32]} Qxa4 {[%clk 0:07:24]} 35. bxa4
{[%clk 0:21:43]} Rd8 {[%clk 0:07:14]} 36. Bd4 {[%clk 0:21:45]} Rd7
{[%clk 0:07:01]} 37. f4 {[%clk 0:20:25]} Kf7 {[%clk 0:07:08]} 38. f5
{[%clk 0:20:09]} Re7 {[%clk 0:05:25]} 39. Rd1 {[%clk 0:19:03]} Re4
{[%clk 0:04:42]} 40. a5 {[%clk 0:15:26]} bxa5 {[%clk 0:04:39]} 41. Bxa7
{[%clk 0:15:42]} Re5 {[%clk 0:02:48]} 42. Ra1 {[%clk 0:15:14]} h6
{[%clk 0:02:44]} 43. Rxa5 {[%clk 0:15:22]} d4 {[%clk 0:02:57]} 44. Rxe5
{[%clk 0:13:55]} fxe5 {[%clk 0:03:07]} 45. Kf3 {[%clk 0:14:16]} Kf6
{[%clk 0:02:56]} 46. Bb8 {[%clk 0:12:28]} h5 {[%clk 0:02:48]} 47. h3
{[%clk 0:12:05]} g6 {[%clk 0:02:36]} 48. fxg6 {[%clk 0:12:11]} Kxg6
{[%clk 0:02:59]} 49. Bxe5 {[%clk 0:12:23]} d3 {[%clk 0:02:46]} 50. Bf4
{[%clk 0:12:32]} hxg4+ {[%clk 0:02:27]} 51. hxg4 {[%clk 0:12:50]} Kf6
{[%clk 0:02:13]} 52. Ke3 {[%clk 0:13:05]} d2 {[%clk 0:02:29]} 53. Kxd2
{[%clk 0:13:30]} Kg6 {[%clk 0:02:49]} 54. Kd3 {[%clk 0:13:36]} Kf6
{[%clk 0:03:07]} 55. Ke4 {[%clk 0:13:52]} Kg7 {[%clk 0:03:07]} 56. Kf5
{[%clk 0:14:10]} Kf7 {[%clk 0:03:17]} 57. g5 {[%clk 0:14:22]} Kg7
{[%clk 0:03:04]} 58. g6 {[%clk 0:14:40]} Kg8 {[%clk 0:03:11]} 59. Be5
{[%clk 0:14:52]} Kf8 {[%clk 0:03:09]} 60. g7+ {[%clk 0:15:11]} Kf7
{[%clk 0:03:15]} 61. Kg5 {[%clk 0:15:16]} Kg8 {[%clk 0:03:17]} 62. Kh6
{[%clk 0:15:35]} Kf7 {[%clk 0:03:36]} 63. Kh7 {[%clk 0:15:55]} Ke6
{[%clk 0:04:02]} 64. g8=Q+ {[%clk 0:15:53]} Kxe5 {[%clk 0:04:26]} 65. Qd8
{[%clk 0:16:11]} Ke6 {[%clk 0:04:41]} 66. Qd4 {[%clk 0:16:09]} Kf5
{[%clk 0:04:55]} 67. Qe3 {[%clk 0:16:27]} 1-0

[Event "Eliminacje Miedzywojewodzkie MA-WM D13"]
[Site "Brok"]
[Date "2022.09.12"]
[Round "5.2"]
[White "Dzierzgowska, Jagoda"]
[Black "Woytitzki, Sophie"]
[Result "1-0"]
[BlackElo "1172"]
[WhiteElo "1236"]
[LiveChessVersion "1.4.8"]

1. d4 {[%clk 1:30:51]} Nf6 {[%clk 1:30:49]} 2. c4 {[%clk 1:31:08]} e6
{[%clk 1:31:13]} 3. Nf3 {[%clk 1:31:35]} Bb4+ {[%clk 1:31:37]} 4. Bd2
{[%clk 1:31:51]} c5 {[%clk 1:32:01]} 5. Bxb4 {[%clk 1:31:38]} cxb4
{[%clk 1:32:24]} 6. a3 {[%clk 1:32:00]} bxa3 {[%clk 1:31:17]} 7. Rxa3
{[%clk 1:32:18]} O-O {[%clk 1:31:39]} 8. e3 {[%clk 1:30:19]} d5 {[%clk 1:29:26]}
9. c5 {[%clk 1:28:13]} Nc6 {[%clk 1:28:43]} 10. Nbd2 {[%clk 1:22:25]} Ne4
{[%clk 1:28:49]} 11. Bd3 {[%clk 1:18:42]} f5 {[%clk 1:27:47]} 12. Nb3
{[%clk 1:09:42]} Rf6 {[%clk 1:26:28]} 13. Bxe4 {[%clk 1:01:19]} fxe4
{[%clk 1:26:19]} 14. Nfd2 {[%clk 0:55:38]} Rg6 {[%clk 1:26:11]} 15. Rg1
{[%clk 0:53:05]} Qh4 {[%clk 1:25:34]} 16. h3 {[%clk 0:52:56]} Nb4
{[%clk 1:24:58]} 17. Nc1 {[%clk 0:37:02]} Bd7 {[%clk 1:22:58]} 18. Nf1 Bb5 19.
Ng3 {[%clk 0:35:40]} Rf8 {[%clk 1:02:19]} 20. Qd2 {[%clk 0:30:23]} Nd3+
{[%clk 1:00:26]} 21. Nxd3 {[%clk 0:29:58]} Bxd3 {[%clk 1:00:47]} 22. Rxa7
{[%clk 0:28:31]} Rgf6 {[%clk 1:00:30]} 23. Rxb7 {[%clk 0:28:09]} Rxf2 24. Qxf2
{[%clk 0:28:36]} Rxf2 {[%clk 1:00:53]} 25. Kxf2 {[%clk 0:28:34]} Qf6+ 26. Ke1 Qd8
{[%clk 1:01:16]} 27. Ne2 {[%clk 0:20:50]} Qh4+ {[%clk 0:59:25]} 28. Kd2
{[%clk 0:20:28]} Qf2 {[%clk 0:58:44]} 29. Re1 {[%clk 0:18:17]} Kf8 30. Rb8+
{[%clk 0:18:36]} Ke7 {[%clk 0:58:56]} 31. Rb7+ {[%clk 0:18:36]} Kd8
{[%clk 0:58:56]} 32. Rxg7 {[%clk 0:16:27]} Bc4 {[%clk 0:59:11]} 33. g3
{[%clk 0:16:27]} h5 {[%clk 0:59:16]} 34. Rg5 {[%clk 0:15:22]} h4 {[%clk 0:58:54]}
35. Rg4 {[%clk 0:13:54]} hxg3 {[%clk 0:59:05]} 36. Rxg3 {[%clk 0:13:21]} Kd7
{[%clk 0:58:09]} 37. Rg7+ {[%clk 0:13:25]} Kc6 {[%clk 0:58:30]} 38. Rg8
{[%clk 0:08:20]} e5 {[%clk 0:57:23]} 39. Rg6+ {[%clk 0:07:32]} Kc7
{[%clk 0:56:17]} 40. Rg7+ {[%clk 0:06:11]} Kc6 {[%clk 0:56:37]} 41. Rg6+
{[%clk 0:05:53]} Kc7 {[%clk 0:56:57]} 42. dxe5 {[%clk 0:04:04]} Qf5
{[%clk 0:57:08]} 43. Rg7+ {[%clk 0:02:57]} Kc6 {[%clk 0:57:29]} 44. Nd4+
{[%clk 0:03:23]} Kxc5 {[%clk 0:57:28]} 45. Nxf5 {[%clk 0:03:49]} Kc6
{[%clk 0:57:37]} 46. Nd4+ {[%clk 0:04:08]} Kc5 {[%clk 0:57:59]} 47. e6
{[%clk 0:04:33]} Bb5 {[%clk 0:57:46]} 48. Nxb5 {[%clk 0:04:49]} Kxb5
{[%clk 0:58:07]} 49. Rc1 {[%clk 0:05:07]} d4 {[%clk 0:58:28]} 50. Rb7+
{[%clk 0:05:30]} Ka6 {[%clk 0:58:49]} 51. Rb3 {[%clk 0:05:51]} dxe3+
{[%clk 0:59:09]} 52. Kxe3 {[%clk 0:06:12]} Ka5 {[%clk 0:59:33]} 53. Ra1#
{[%clk 0:06:36]} 1-0

[Event "Eliminacje Miedzywojewodzkie MA-WM D13"]
[Site "Brok"]
[Date "2022.09.12"]
[Round "5.3"]
[White "Siekanska, Zofia"]
[Black "Stankiewicz, Zofia"]
[Result "1/2-1/2"]
[BlackElo "1108"]
[WhiteElo "1128"]
[LiveChessVersion "1.4.8"]

1. e4 {[%clk 1:30:57]} e5 {[%clk 1:30:59]} 2. Nf3 {[%clk 1:31:25]} Nc6
{[%clk 1:31:28]} 3. Bc4 {[%clk 1:31:43]} Bc5 {[%clk 1:31:43]} 4. c3
{[%clk 1:31:04]} Bb6 {[%clk 1:30:17]} 5. d4 {[%clk 1:30:32]} Qe7 {[%clk 1:30:01]}
6. dxe5 {[%clk 1:27:28]} Nxe5 {[%clk 1:29:40]} 7. Nxe5 {[%clk 1:26:45]} Qxe5
{[%clk 1:29:11]} 8. O-O {[%clk 1:26:15]} Nf6 {[%clk 1:29:07]} 9. Nd2
{[%clk 1:24:33]} O-O {[%clk 1:29:11]} 10. Bd3 {[%clk 1:23:15]} d6
{[%clk 1:25:38]} 11. Nc4 {[%clk 1:22:42]} Qe6 {[%clk 1:25:34]} 12. Re1
{[%clk 1:21:20]} Re8 {[%clk 1:23:02]} 13. Bf4 {[%clk 1:19:21]} Bd7
{[%clk 1:19:50]} 14. e5 {[%clk 1:17:06]} dxe5 {[%clk 1:16:28]} 15. Rxe5
{[%clk 1:16:40]} Qc6 {[%clk 1:15:22]} 16. b4 {[%clk 1:09:02]} Rxe5
{[%clk 1:13:27]} 17. Bxe5 {[%clk 1:08:00]} Bg4 {[%clk 1:12:09]} 18. Qc2
{[%clk 1:03:01]} Kh8 {[%clk 1:10:32]} 19. Nxb6 {[%clk 1:02:14]} Qxb6
{[%clk 1:09:51]} 20. h3 {[%clk 0:59:37]} Bd7 {[%clk 1:09:49]} 21. Rd1
{[%clk 0:57:44]} h6 {[%clk 1:07:45]} 22. Bxf6 {[%clk 0:54:34]} Qxf6
{[%clk 1:06:58]} 23. Be4 {[%clk 0:53:50]} Bc6 {[%clk 1:06:39]} 24. Bxc6
{[%clk 0:52:58]} Qxc6 {[%clk 1:06:42]} 25. c4 {[%clk 0:52:55]} a6
{[%clk 1:05:28]} 26. c5 {[%clk 0:51:13]} Re8 {[%clk 1:04:09]} 27. Qf5
{[%clk 0:47:47]} Kg8 {[%clk 1:02:04]} 28. Qd7 {[%clk 0:45:54]} Re1+
{[%clk 0:58:29]} 29. Kh2 {[%clk 0:45:32]} Rxd1 {[%clk 0:57:53]} 30. Qxd1
{[%clk 0:45:31]} Qf6 {[%clk 0:57:38]} 31. Qe1 {[%clk 0:43:06]} g6
{[%clk 0:56:41]} 32. Qd2 {[%clk 0:42:05]} Kh7 {[%clk 0:52:56]} 33. Qd5
{[%clk 0:39:29]} b6 {[%clk 0:49:08]} 34. cxb6 {[%clk 0:37:15]} Qf4+
{[%clk 0:48:00]} 35. Kg1 {[%clk 0:36:52]} Qc1+ {[%clk 0:46:43]} 1/2-1/2

[Event "Eliminacje Miedzywojewodzkie MA-WM D13"]
[Site "Brok"]
[Date "2022.09.12"]
[Round "5.4"]
[White "Walewska, Natalia"]
[Black "Podoba, Hanna"]
[Result "1-0"]
[BlackElo "1067"]
[WhiteElo "1167"]
[LiveChessVersion "1.4.8"]

1. e4 {[%clk 1:30:59]} e6 {[%clk 1:27:04]} 2. d4 {[%clk 1:31:19]} d5
{[%clk 1:27:27]} 3. e5 {[%clk 1:31:42]} b6 {[%clk 1:27:24]} 4. c3
{[%clk 1:31:57]} Bb7 {[%clk 1:27:37]} 5. Nf3 {[%clk 1:31:55]} c5 {[%clk 1:27:33]}
6. Be2 {[%clk 1:29:16]} Qc7 {[%clk 1:26:15]} 7. O-O {[%clk 1:26:45]} Nd7
{[%clk 1:24:48]} 8. Nbd2 {[%clk 1:22:00]} Rc8 {[%clk 1:22:21]} 9. Re1
{[%clk 1:12:55]} Nh6 {[%clk 1:18:52]} 10. Nf1 {[%clk 1:12:01]} Nf5
{[%clk 1:18:53]} 11. Ne3 {[%clk 1:12:07]} g6 {[%clk 1:17:24]} 12. Nxf5
{[%clk 1:06:14]} gxf5 {[%clk 1:17:16]} 13. Kh1 {[%clk 1:01:33]} cxd4
{[%clk 1:15:35]} 14. cxd4 {[%clk 1:01:49]} Qc2 {[%clk 1:13:55]} 15. Qxc2
{[%clk 0:58:03]} Rxc2 {[%clk 1:14:19]} 16. Bd3 {[%clk 0:58:00]} Rxf2
{[%clk 1:05:04]} 17. Kg1 {[%clk 0:57:48]} Rxf3 {[%clk 1:02:48]} 18. gxf3
{[%clk 0:58:03]} Rg8+ {[%clk 1:02:02]} 19. Kf2 {[%clk 0:57:52]} Be7
{[%clk 1:02:00]} 20. Bf4 {[%clk 0:56:57]} Nf8 {[%clk 1:00:18]} 21. Bb5+
{[%clk 0:55:59]} Kd8 {[%clk 1:00:23]} 22. Rg1 {[%clk 0:55:27]} Ng6
{[%clk 0:59:35]} 23. Bg5 {[%clk 0:55:29]} a6 {[%clk 0:57:58]} 24. Bxe7+
{[%clk 0:53:34]} Kxe7 {[%clk 0:58:18]} 25. Rac1 {[%clk 0:53:37]} Kd8
{[%clk 0:55:47]} 26. Be2 {[%clk 0:51:10]} Rf8 {[%clk 0:55:10]} 27. Rc2
{[%clk 0:49:11]} f6 {[%clk 0:54:44]} 28. Rgc1 {[%clk 0:43:23]} Rf7
{[%clk 0:53:39]} 29. exf6 {[%clk 0:43:22]} Nf4 {[%clk 0:53:48]} 30. Ke3
{[%clk 0:38:43]} Ng2+ {[%clk 0:51:53]} 31. Kd2 {[%clk 0:38:48]} Nf4
{[%clk 0:50:59]} 32. Rg1 {[%clk 0:35:45]} Ng6 {[%clk 0:50:07]} 33. h4
{[%clk 0:34:52]} Rxf6 {[%clk 0:48:40]} 34. h5 {[%clk 0:34:32]} Ne7
{[%clk 0:48:49]} 35. Rg7 {[%clk 0:32:00]} Rh6 {[%clk 0:48:00]} 36. f4
{[%clk 0:32:03]} b5 {[%clk 0:45:50]} 37. a3 {[%clk 0:29:05]} Bc6 {[%clk 0:43:16]}
38. Rxe7 {[%clk 0:25:49]} Bd7 {[%clk 0:40:49]} 39. Rg7 {[%clk 0:25:50]} a5
{[%clk 0:39:42]} 40. b3 {[%clk 0:25:00]} Be8 {[%clk 0:37:54]} 41. Rcc7
{[%clk 0:24:19]} a4 {[%clk 0:37:01]} 42. bxa4 {[%clk 0:24:32]} bxa4
{[%clk 0:37:16]} 43. Rxh7 {[%clk 0:24:32]} Rf6 {[%clk 0:37:03]} 44. Ra7
{[%clk 0:24:25]} Bc6 {[%clk 0:36:54]} 45. Rh8+ {[%clk 0:24:11]} Be8
{[%clk 0:37:12]} 46. Bb5 {[%clk 0:24:17]} Rf8 {[%clk 0:36:52]} 47. Rxf8
{[%clk 0:24:22]} e5 {[%clk 0:37:17]} 48. Rxe8# {[%clk 0:24:45]} 1-0